000 00467nam a22001697a 4500
003 BD-ChCU
005 20260125102204.0
008 260125b bg ||||| |||| 00| 0 ben d
040 _cBD-ChCU
082 _a330.12208 SWT
100 _aSweezy, Paul & others.
_919605
245 _aThe translation from feudalism to capitalism.//
_cSweety Paul. and others.
260 _aLondon.
_bNLB.
_c1978
300 _a195p
650 0 _aEconomics.
_919606
942 _2ddc
_cBK
_n0
999 _c111235
_d111235